Normal view
MARC view
- Drabble, Margaret, Stringer, Jenny
Entry Personal Name
001 - CONTROL NUMBER
- control field: 2028
003 - CONTROL NUMBER IDENTIFIER
- control field: JO-AjAnu
005 - DATE AND TIME OF LATEST TRANSACTION
- control field: 20230606070633.0
008 - FIXED-LENGTH DATA ELEMENTS
- fixed length control field: 230606|| aca||aabn | a|a d
040 ## - CATALOGING SOURCE
- Original cataloging agency: JO-AjAnu
- Transcribing agency: JO-AjAnu
100 ## - HEADING--PERSONAL NAME
- Personal name: Drabble, Margaret, Stringer, Jenny
670 ## - SOURCE DATA FOUND
- Source citation: Work cat.: (JO-AjAnu)1066: Drabble, Margaret, Stringer, Jenny, author, The concise Oxford companion to English literature